| 000 | 00987cab a2200265 4500 | ||
|---|---|---|---|
| 001 | ABS57470 | ||
| 008 | 090401t1997 xxu||||| |||| 00| 0 eng d | ||
| 035 | _a(Sirsi) u80253 | ||
| 041 | _aeng | ||
| 100 | _aRatman, B | ||
| 245 | _aNHS and PFI - an end to the deadlock? | ||
| 260 | _c1997 | ||
| 350 | _a0 | ||
| 490 |
_aPFI Intelligence Bulletin _v2(6) July 1997, 12,22(2) |
||
| 520 | _aExamines two pieces of legislation, the National Health Service (Residual Liabilities) Act 1996 and the National Health Service (Private Finance) Bill, which are designed to decrease concerns expressed by NHS-PFI project funders. | ||
| 650 | _aFUNDING | ||
| 650 | _aHEALTH SECTOR | ||
| 650 | _aNATIONAL HEALTH SERVICE (PRIVATE FINANCE) BILL | ||
| 650 | _aNATIONAL HEALTH SERVICE (RESIDUAL LIABILITIES) ACT 1996 | ||
| 650 | _aNATIONAL HEALTH SERVICE | ||
| 650 | _aPRIVATE FINANCE INITIATIVE | ||
| 690 | _aPROPERTY-PROPERTY FINANCE AND INVESTMENT | ||
| 942 | _n0 | ||
| 948 | _c14/08/1997 | ||
| 999 |
_c50520 _d50520 |
||